| 000 | 00919cam a2200205 4500 | ||
|---|---|---|---|
| 001 | WB4006-02 | ||
| 008 | 040212n2004 000 0 eng u | ||
| 035 | _a(Sirsi) u125137 | ||
| 245 | _aBuilding schools for the future | ||
| 260 | _c2004 | ||
| 490 |
_aDfES Press Notice _v(2004/0025) 12 February 2004 (3) |
||
| 520 | _aThe government has unveiled 14 local education authority projects to spearhead the Building Schools for the Future programme, which aims to rebuild or refurbish every secondary school in England. Around 180 schools across the country will share £2.2bn capital investment, in the first part of the programme commencing in 2005-06. http://www.dfes.gov.uk/pns/DisplayPN.cgi?pn_id=200 4_0025 | ||
| 590 | _aWB | ||
| 590 | _aWB | ||
| 650 | _aSCHOOL BUILDINGS | ||
| 650 | _aEDUCATION AUTHORITIES | ||
| 650 | _aCAPITAL INVESTMENT | ||
| 690 | _aBUILDING AND CONSTRUCTION-PROJECTS | ||
| 942 | _n0 | ||
| 999 |
_c117021 _d117021 |
||